000 00927cam a22002655a 4500
001 E152916
008 110516s2011 xxko f 000 0 eng d
020 _a9781848061897
035 _a(Sirsi) u152916
041 0 _aeng
050 0 4 _a693.5 $2 18
100 1 _aDunster, Andrew
245 0 0 _aAlkali-activated binder concretes in construction
_ban introduction to their benefits and properties and barriers to their use
260 _aWatford
_bBRE
_c2011
300 _a8p.
_bill.
_c30cm.
490 0 _aBRE Information Paper
_v(4/11)
520 _aLooks at the pros and cons of alkali-activated binders and assesses the results of large-scale trials of their use.
521 _aAdvanced
590 _aKA
651 4 _aUnited Kingdom
_y
690 _aBUILT ENVIRONMENT-BUILDING MATERIALS-CEMENTITIOUS, CONCRETE AND MINERAL BOUND MATERIALS-CONCRETE
700 1 _aQuillin, Keith
700 1 _aAbora, Kofi
942 _n0
999 _c112262
_d112262